000 00950nam a2200253 a 4500
001 000019711
003 DO-SdBNP
005 20250908105251.0
008 100702s1973 mx a 000 0 spa d
040 _aDO-SdBNP
_bspa
_cBNPHU
041 1 7 _aspa
_heng
_2Código de idioma MARC
049 _aBNGR
082 4 _a153.1
_bR462p
_222
100 1 _aReynolds, George Stanley,
_bR462c
_942158
_d1936-
240 1 0 _aA primer of operant conditioning.
_lEspañol.
245 1 0 _aCompendio de condicionamiento operante /
_cG. S. Reynolds , traducción de Luis F. Campos.
260 _aMéxico :
_bCiencia de la Conducta,
_b1973.
300 _a189 p. :
_bil. ;
_c21 cm.
504 _aIncluye referencias bibliográficas y notas al pie de las páginas.
534 _pTítulo original en inglés:
_tA primer of operant conditioning.
_cIlliniois, 1968
650 _aCondicionamiento operante
_939127
700 1 _aCampos, Luis F.,
_etr.
_942159
942 _2ddc
_cLBS1
999 _c19226
_d19226